TEXT BOOK OF PEDIATRIC NURSING FOR NURSING STUDENT (Record no. 934674)

MARC details
000 -LEADER
fixed length control field 00388nam a2200157Ia 4500
008 - FIXED-LENGTH DATA ELEMENTS--GENERAL INFORMATION
fixed length control field 231120s2021 xx 000 0 und d
020 ## - INTERNATIONAL STANDARD BOOK NUMBER
International Standard Book Number 9788194869320
041 ## - LANGUAGE CODE
Language code of text/sound track or separate title eng
082 ## - DEWEY DECIMAL CLASSIFICATION NUMBER
Classification number 618.92
Item number PAN
100 ## - MAIN ENTRY--PERSONAL NAME
Personal name PANCHALI PAL
245 ## - TITLE STATEMENT
Title TEXT BOOK OF PEDIATRIC NURSING FOR NURSING STUDENT
250 ## - EDITION STATEMENT
Edition statement 2nd Edition
260 ## - PUBLICATION, DISTRIBUTION, ETC.
Name of publisher, distributor, etc. C B S
Date of publication, distribution, etc. 2021
300 ## - PHYSICAL DESCRIPTION
Extent 568
650 ## - SUBJECT ADDED ENTRY--TOPICAL TERM
Topical term or geographic name entry element Pedicatric
Holdings
Withdrawn status Lost status Damaged status Not for loan Home library Current library Date acquired Cost, normal purchase price Total Checkouts Total Renewals Full call number Barcode Date last seen Date last checked out Price effective from Koha item type
        College of Nursing, Pune College of Nursing, Pune 21/11/2023 995.00 17 20 618.92 PAN NCP-UG-6573 25/06/2026 01/06/2026 21/11/2023 Book